| 000 | 00835nam a22002297a 4500 | ||
|---|---|---|---|
| 999 |
_c65639 _d65639 |
||
| 005 | 20240530110835.0 | ||
| 008 | 191028b2006 ua f 000 0 ara d | ||
| 017 |
_a2006/2077 _bمصر. دار الكتب |
||
| 020 | _a9771804286 | ||
| 040 |
_aEG-CaGPL _cEG-CaGPL |
||
| 082 | 0 | 4 |
_221 _a328.31062 _bق/س م |
| 100 | 0 | _aسعيدة محمد حسنى | |
| 245 | _a؟؟؟؟؟؟؟؟؟ | ||
| 260 |
_aالقاهرة : _bمطبعة دار الكتب و الوثائق القومية بالقاهرة ، _c2006 |
||
| 300 |
_a356 ص. : _bايض. ؛ _c28 سم |
||
| 650 | 0 | 7 |
_2qrmak _aالهيئات التشريعية _vمجلس الشورى _zمصر |
| 651 | _2qrmak | ||
| 653 | _aمجلس الشورى | ||
| 700 | 0 |
_aحسام محمد عبد المعطى _eتحقيق |
|
| 942 |
_2ddc _cBK |
||